Etiqueta de registo: 00254nam 2200025 450
001 2112530
003 http://id.bnportugal.gov.pt/bib/catbnp/2112530
100 ## $a20221017d2022 m b0pory01030103ba
101 0# $apor
102 ## $aPT
105 ## $aa z 000yy
106 ## $ar
200 1# $aAgenda regional para a qualificação profissional$evalorizar os açorianos, horizonte 2030$fcoord. Francisco Simões$gcoord. científica ISCTE - Centro de Investigação e Intervenção Social
210 #9 $a[S.l.]$cSecretaria Regional da Juventude, Qualificação Profissional e Emprego,$d2022
215 ## $a108 p.$cil.$d30 cm
675 ## $a377.1(469.9)"2021/2027"$vBN$zpor$31861515
675 ## $a37.014(469.9)"1975/2027"$vBN$zpor$31861532
675 ## $a308(469.9)"2011/2020"$vBN$zpor$31861516
702 #1 $93$aSimões,$bFrancisco$4340$31719337
712 02 $aInstituto Superior de Ciências do Trabalho e da Empresa.$bCentro de Investigação e Intervenção Social$4695$31861441
801 #0 $aPT$bBN$gRPC
856 41 $uhttp://rnod.bnportugal.gov.pt/ImagesBN/winlibimg.aspx?skey=&doc=2112530&img=170434&save=true
900 ## $aBIBNAC$d20221205
966 ## $lBN$mFGMON$sS.C. 159883 V.$x1
971 ## $carosa$d20221017
972 ## $e1$z0$d20221205$viquintas
973 ## $cmlsousa$d20221018
974 ## $d20221018$e0$vaalmeid
Etiqueta de registo: 00254nas 2200025 450
001 2167970
003 http://id.bnportugal.gov.pt/bib/catbnp/2167970
011 ## $a2976-0615
100 ## $a20240524a20249999k y0pory01030103ba
101 0# $apor
102 ## $aPT
106 ## $as
110 ## $aakazz 0uu0
135 ## $avrcu ---uuuuu
200 1# $aCaderno de laboratório$fpropr. LAPSO - Laboratório de Psicologia$gcolab. CIS-Iscte - Centro de Investigação e Intervenção Social
207 #0 $aV. 1 (maio 2024)-
210 #9 $aLisboa$cISCTE - Instituto Universitário de Lisboa,$d2024-
326 ## $aAnual
530 1# $aCaderno de Laboratório$b(LAPSO - Laboratório de Psicologia )
620 ## $dLisboa
675 ## $a159.9.07(051)(0.034)$vBN$zpor$31917027
712 02 $aInstituto Superior de Ciências do Trabalho e da Empresa.$bLaboratório de Psicologia$4650$31917014
712 02 $aInstituto Superior de Ciências do Trabalho e da Empresa.$bCentro de Investigação e Intervenção Social$4205$31861441
801 #0 $aPT$bBN$gRPC
802 ## $a18
856 40 $uhttps://lapso.iscte-iul.pt/pt/recursos/
971 ## $cssilva$d20240524
973 ## $cigoulao$d20240524